| 000 | 01191nac a22003251u 4500 | ||
|---|---|---|---|
| 999 |
_c9540 _d9540 |
||
| 003 | EG-ScBUE | ||
| 005 | 20201101093111.0 | ||
| 008 | 200219s1998 ii f b 000 0 eng d | ||
| 020 | _a8175811781 | ||
| 040 |
_aEG-ScBUE _beng _erda _cEG-ScBUE _dEG-ScBUE |
||
| 082 | 0 | 4 |
_a812.54 _bALB _222 |
| 100 | 1 |
_aAlbee, Edward, _d1928-2016, _eauthor. |
|
| 245 | 1 | 0 |
_aWho's afraid of Virginia Woolf ? : _b[a critical study ] / _cEdward Albee ; Raghukul Tilak, Department of English, Meerut College, Meerut and Dr. Anupam Gupta. |
| 250 | _aSecond edition. | ||
| 264 | 1 |
_aNew Delhi : _bRama Brothers Educational Publishers, _c1998. |
|
| 300 |
_a216 pages ; _c20 cm |
||
| 336 |
_2rdacontent _atext _btxt |
||
| 337 |
_2rdamedia _aunmediated _bn |
||
| 338 |
_2rdacarrier _avolume _bnc |
||
| 500 | _aDistributer: Al-Ahram | ||
| 504 | _aIncludes bibliographical references. | ||
| 650 | 7 |
_aMarried people _vDrama. _2BUEsh |
|
| 650 | 7 |
_aCollege teachers _vDrama. _2BUEsh |
|
| 650 | 7 |
_aNew England _vDrama. _2BUEsh |
|
| 653 |
_bHHUUEENN _cOctober2020 |
||
| 655 |
_vReading book _934232 |
||
| 700 | 1 |
_aTilak, Raghukul, _eeditor. |
|
| 700 | 1 |
_aGupta, Anupam, _eeditor. |
|
| 942 |
_cBB _k812.54ALB _2ddc |
||